000 01022cai a22001815a 4500
001 L143221
008 080417u xxk g 000 0 eng d
035 _a(Sirsi) u143221
041 0 _aeng
110 1 _aEngland and Wales
_bLocal Government Association
_93545
245 0 0 _aLGA database of twinning towns
_h[electronic resource]
520 _aProvides a searchable A-Z list of twinned European towns and links to the towns they are twinned with. Details include the nation and region of each town. Also gives details on European twinning organisations. Provides details on how twinning can be carried out, from researching and exploratory visits to formalising and revitalising relationships. Twinning management, visits, exchanges and their benefits to young people are also discussed.
590 _aKA
651 4 _aUnited Kingdom
_y
690 _aENVIRONMENTAL AND LAND CONSULTANCY
856 4 0 _uhttps://www.lga.gov.uk/lga/core/page.do?pageId=29208
_zView the website free of charge at www.lga.gov.uk...
942 _n0
999 _c120659
_d120659